000 00551nam a2200205Ia 4500
005 20250923144619.0
008 008 250917s9999 xx 000 0 eng d
037 _aTextual
040 _aDSWL
_beng
_cDSWL
041 _aeng
_2eng
084 _aV2:1:N5, J5
_qDSWL
100 _aGunther, John
_9826649
245 0 _aInside Africa
_cby John Gunther
260 _aLondon
_b Hamish Hamilton
_c1955
300 _axi,960p.
365 _aINR
_b30
925 _g30
942 _cTEXL
_hV2:1:N5, J5
999 _c1441187
_d1441187